Dirección de la producción y de operaciones: decisiones estratégicas
Gespeichert in:
| Hauptverfasser: | , |
|---|---|
| Format: | Buch |
| Sprache: | Spanisch |
| Veröffentlicht: |
Madrid
Pearson Educación
2007
|
| Ausgabe: | 8a. ed |
| Schlagworte: | |
| Tags: |
Tag hinzufügen
Keine Tags, Fügen Sie den ersten Tag hinzu!
|
MARC
| LEADER | 00000nam a2200000 a 4500 | ||
|---|---|---|---|
| 001 | UCI8589 | ||
| 003 | CL-VaPUC | ||
| 008 | 080911e20070000SP |||||||||||||||||spa|d | ||
| 020 | |a 9788483223604 | ||
| 082 | 0 | 4 | |a 658.5 |b HEI |2 21 |
| 100 | |a Heizer, Jay |e author |9 576842 | ||
| 700 | 0 | |a Render, Barry |e author |9 532099 | |
| 245 | 1 | 0 | |a Dirección de la producción y de operaciones: decisiones estratégicas |
| 250 | |a 8a. ed | ||
| 300 | |a 571 p | ||
| 942 | |c BK | ||
| 945 | |d 20080911 00:00:00 |a jtorresc | ||
| 260 | |a Madrid |b Pearson Educación |c 2007 | ||
| 500 | |a Incluye un Cd-rom | ||
| 650 | 0 | |a Producción |9 263680 | |
| 650 | 0 | |a Gestión de la producción |9 259467 | |
| 650 | 0 | |a Productividad |9 335972 | |
| 650 | 0 | |a Control de calidad |9 259714 | |
| 650 | 0 | |a Calidad total |9 259929 | |
| 650 | 0 | |a Recursos humanos |9 228420 | |
| 650 | 0 | |a Toma de decisiones |9 257530 | |
| 583 | |a last modification |c 20080911 00:00:00 |k Rodrigo Vera | ||
| 999 | |c 331411 |d 331409 | ||
| 952 | |0 0 |1 0 |4 0 |6 658_500000000000000_HEI_2007 |7 0 |8 A |9 418051 |a BIBING |b BIBING |d 2019-11-22 |i 448178K |o 658.5 HEI 2007 |p 448178K |r 2025-01-20 |w 2019-11-22 |y BK |k TRA | ||
| 952 | |0 0 |1 0 |4 0 |6 658_500000000000000_HEI_2007 |7 0 |8 A |9 418052 |a BIBING |b BIBING |d 2019-11-22 |i 4481798 |o 658.5 HEI 2007 |p 4481798 |r 2025-01-20 |w 2019-11-22 |y BK |k TRA | ||
| 952 | |0 0 |1 0 |4 0 |6 658_500000000000000_HEI_2007 |7 0 |8 A |9 418053 |a BIBING |b BIBING |d 2019-11-22 |i 4481801 |o 658.5 HEI 2007 |p 4481801 |r 2025-01-20 |w 2019-11-22 |y BK |k TRA | ||
| 952 | |0 0 |1 0 |4 0 |6 658_500000000000000_HEI_2007 |7 0 |8 A |9 418054 |a BIBING |b BIBING |d 2019-11-22 |i 448181K |o 658.5 HEI 2007 |p 448181K |r 2025-01-20 |w 2019-11-22 |y BK |k TRA | ||